Ekonomika USA: robustní a opět na vzestupu
Pozitívny vývoj hospodárstva v USA. Rekapitulácia okolností hospodárskeho vývoja USA v osemdesiatych a deväťdesiatych rokoch. Identifikácia dlhodobo pôsobiacich predností a faktorov americkej konkurencieschopnosti. Príčiny hospodárskeho útlmu v roku 2001, vrátane implikácie teroristického útoku z 11...
Na minha lista:
| Autor principal: | |
|---|---|
| Formato: | Capítulo de Livro |
| Idioma: | tcheco |
| Assuntos: | |
| Tags: |
Sem tags, seja o primeiro a adicionar uma tag!
|
MARC
| LEADER | 00000naa a2200000 4500 | ||
|---|---|---|---|
| 001 | r046429 | ||
| 005 | 20231004105335.7 | ||
| 041 | 0 | |a cze | |
| 044 | |a CZ | ||
| 245 | 1 | 0 | |a Ekonomika USA: robustní a opět na vzestupu |c Jiří Fárek |
| 520 | |a Pozitívny vývoj hospodárstva v USA. Rekapitulácia okolností hospodárskeho vývoja USA v osemdesiatych a deväťdesiatych rokoch. Identifikácia dlhodobo pôsobiacich predností a faktorov americkej konkurencieschopnosti. Príčiny hospodárskeho útlmu v roku 2001, vrátane implikácie teroristického útoku z 11. septembra. | ||
| 610 | 2 | 0 | |a vývoj hospodársky |
| 610 | 2 | 0 | |a USA |
| 610 | 2 | 0 | |a recesia |
| 610 | 2 | 0 | |a ekonomika nová |
| 610 | 2 | 0 | |a globalizácia |
| 610 | 2 | 0 | |a rast hospodársky |
| 610 | 2 | 0 | |a konkurencieschopnosť |
| 100 | 1 | |a Fárek, Jiří | |